BUSINESS ANALYTICS: DATA ANALYSIS AND DECISION MAKING (Record no. 215932)

MARC details
000 -LEADER
fixed length control field 00696nam a22001937a 4500
008 - FIXED-LENGTH DATA ELEMENTS--GENERAL INFORMATION
fixed length control field 250718b |||||||| |||| 00| 0 eng d
020 ## - INTERNATIONAL STANDARD BOOK NUMBER
International Standard Book Number 978-1-305-94754-2
050 ## - LIBRARY OF CONGRESS CALL NUMBER
Classification number HD30.215 .A43 2017
100 ## - MAIN ENTRY--PERSONAL NAME
Personal name ALBRIGHT, S. CHRISTIAN
245 ## - TITLE STATEMENT
Title BUSINESS ANALYTICS: DATA ANALYSIS AND DECISION MAKING
250 ## - EDITION STATEMENT
Edition statement 6
260 ## - PUBLICATION, DISTRIBUTION, ETC.
Place of publication, distribution, etc. BOSTON, MA,
Name of publisher, distributor, etc. CENGAGE LEARNING,
Date of publication, distribution, etc. 2017
300 ## - PHYSICAL DESCRIPTION
Extent XXV, 952P.:ILL
500 ## - GENERAL NOTE
General note INCLUDES BIBLIOGRAPHICAL REFERENCES AND INDEX
650 ## - SUBJECT ADDED ENTRY
Topical term or geographic name entry element 1. MICROSOFT EXCEL (COMPUTER FILE) 2. INDUSTRIAL MANAGEMENT--STATISTICAL METHODS--COMPUTER PROGRAMS 3. DECISION MAKING--COMPUTER PROGRAMS
700 ## - ADDED ENTRY--PERSONAL NAME
Personal name WINSTON, WAYNE L.
942 ## - ADDED ENTRY ELEMENTS (KOHA)
Source of classification or shelving scheme Library of Congress Classification
Koha item type Long Loan Book
Holdings
Withdrawn status Lost status Source of classification or shelving scheme Damaged status Not for loan Collection Home library Current library Shelving location Date acquired Inventory number Total checkouts Full call number Barcode Date last seen Copy number Price effective from Koha item type Date last checked out
    Library of Congress Classification     Business & Economics Kisii University Library Kisii University Library On Display 07/18/2025 109305   HD30.215 .A43 2017 000000018648 07/18/2025 1 07/18/2025 Long Loan Book  
    Library of Congress Classification     Business & Economics Kisii University Library Kisii University Library On Display 07/18/2025 109306   HD30.215 .A43 2017 000000018647 07/18/2025 2 07/18/2025 Long Loan Book  
    Library of Congress Classification     Business & Economics Kisii University Library Kisii University Library On Display 07/18/2025 109307   HD30.215 .A43 2017 000000018646 07/18/2025 3 07/18/2025 Long Loan Book  
    Library of Congress Classification     Business & Economics Kisii University Library Kisii University Library On Display 07/18/2025 109308   HD30.215 .A43 2017 000000018645 07/18/2025 4 07/18/2025 Long Loan Book  
    Library of Congress Classification     Business & Economics Kisii University Library Kisii University Library On Display 07/18/2025 109309 1 HD30.215 .A43 2017 000000024497 01/14/2026 5 07/18/2025 Long Loan Book 01/08/2026